[Event "Kreis-Mitte-EM"]
[Site "Zirndorf"]
[Date "2015.01.02"]
[Round "1.1"]
[White "Süß, Stefan"]
[Black "Walch, Roger"]
[Result "1-0"]
[WhiteElo "2004"]
[BlackElo "1686"]
[PlyCount "75"]
[EventDate "2015.??.??"]
[WhiteTeam "SC N-T Nürnberg"]
[BlackTeam "SW Nürnberg Süd"]

1. e4 e6 2. d4 d5 3. Nd2 a6 4. Ngf3 c5 5. exd5 exd5 6. dxc5 Bxc5 7. Bd3 Qe7+ 8.
Qe2 Nc6 9. Nb3 Qxe2+ 10. Kxe2 Bd6 11. h3 Nge7 12. c3 O-O 13. Nbd4 Re8 14. Kd1
Ne5 15. Nxe5 Bxe5 16. Nf3 Bf6 17. Bg5 Bxg5 18. Nxg5 Bf5 19. Kd2 h6 20. Nf3 Be4
21. Bxe4 dxe4 22. Nd4 Rad8 23. Ke2 Nd5 24. g3 g6 25. Rhe1 f5 26. Rad1 f4 27.
Nc2 g5 28. Rd4 e3 29. fxe3 Nxe3 30. Rxd8 Rxd8 31. Nxe3 fxe3 32. Rd1 Rxd1 33.
Kxd1 Kf7 34. Ke2 Ke6 35. Kxe3 Ke5 36. c4 a5 37. g4 a4 38. b3 1-0

[Event "Kreis-Mitte-EM"]
[Site "Zirndorf"]
[Date "2015.01.02"]
[Round "1.2"]
[White "Mantel, Hubert"]
[Black "Luther, Helmut"]
[Result "0-1"]
[WhiteElo "1669"]
[BlackElo "1949"]
[PlyCount "74"]
[EventDate "2015.??.??"]
[WhiteTeam "Zabo-Eintracht N."]
[BlackTeam "SW Nürnberg Süd"]

1. e4 d5 2. exd5 Qxd5 3. Nc3 Qd6 4. g3 Nf6 5. Bg2 g6 6. d3 c6 7. Nge2 Bg7 8. h3
O-O 9. Be3 Nd5 10. Nxd5 cxd5 11. c3 e5 12. d4 e4 13. Qd2 Re8 14. Bh6 Bh8 15. h4
Nc6 16. h5 b5 17. a3 a5 18. hxg6 fxg6 19. Qf4 Rd8 20. Qh4 Ra7 21. Bg5 Rf8 22.
Nf4 Rff7 23. Bh3 Bf5 24. Bxf5 Rxf5 25. Qh6 Rd7 26. Rh4 Rf8 27. Ke2 b4 28. Rah1
Bxd4 29. cxd4 Nxd4+ 30. Kf1 Nf5 31. Qxf8+ Kxf8 32. Rxh7 Rxh7 33. Rxh7 Kg8 34.
Ra7 bxa3 35. bxa3 Qb6 36. Ra8+ Kh7 37. Nxd5 Qb5+ 0-1

[Event "Kreis-Mitte-EM"]
[Site "Zirndorf"]
[Date "2015.01.02"]
[Round "1.3"]
[White "Strobel, Norbert"]
[Black "Münzenberg, Dietrich"]
[Result "1-0"]
[WhiteElo "1948"]
[BlackElo "1668"]
[PlyCount "121"]
[EventDate "2015.??.??"]
[WhiteTeam "SK Zirndorf"]
[BlackTeam "Zabo-Eintracht N."]

1. d4 f5 2. g3 d5 3. Bg2 e6 4. Nf3 Nf6 5. Bg5 Bb4+ 6. c3 Bd6 7. Nbd2 c5 8. O-O
O-O 9. c4 Qe8 10. dxc5 Bxc5 11. Bxf6 Rxf6 12. Nb3 Bb6 13. cxd5 e5 14. Nfd2 Qb5
15. Rc1 Na6 16. e4 Nb4 17. Nc4 Nxa2 18. Na3 Qd7 19. Rc4 a5 20. Bh3 Qe8 21. exf5
Bxf5 22. Bxf5 Rxf5 23. Nc5 Qe7 24. d6 Qf7 25. d7 Rd8 26. Qd6 Bxc5 27. Rxc5 Qxd7
28. Qxd7 Rxd7 29. Rxa5 Nb4 30. Nc4 Nc6 31. Rc5 Re7 32. Kg2 g6 33. Nd6 Rf6 34.
Ne4 Rfe6 35. g4 h6 36. h4 Kg7 37. g5 Nd4 38. Kg3 Ne2+ 39. Kg4 h5+ 40. Kf3 Nd4+
41. Kg2 Rb6 42. Rb1 Ne2 43. b4 Nf4+ 44. Kg3 Nd3 45. Rc4 Rf7 46. Nf6 Rc6 47.
Rxc6 bxc6 48. Rb3 Nf4 49. Kf3 Nd5 50. Ke4 Re7 51. Nxd5 cxd5+ 52. Kxd5 e4 53. b5
Kf7 54. b6 Rb7 55. Kc6 Rb8 56. b7 Ke6 57. Kc7 Rxb7+ 58. Kxb7 Kf5 59. Rg3 Kf4
60. Kc6 e3 61. Rxe3 1-0

[Event "Kreis-Mitte-EM"]
[Site "Zirndorf"]
[Date "2015.01.02"]
[Round "1.4"]
[White "Nüßlein, Christian"]
[Black "Leis, Stefan"]
[Result "0-1"]
[WhiteElo "1661"]
[BlackElo "1904"]
[PlyCount "48"]
[EventDate "2015.??.??"]
[WhiteTeam "SGem Nürnberg 1978"]
[BlackTeam "SC Mühlhof-R'dorf"]

1. b4 c6 2. c4 d5 3. e3 Bf5 4. Bb2 e6 5. c5 Nf6 6. d3 Be7 7. Be2 O-O 8. Nd2 b6
9. d4 a5 10. a3 Na6 11. Bxa6 Rxa6 12. Ngf3 axb4 13. axb4 Bd3 14. Ne5 Rxa1 15.
Qxa1 Bb5 16. Qa3 Qc7 17. Nd3 Ne4 18. Nf3 f6 19. O-O bxc5 20. bxc5 Rb8 21. Rb1
Bc4 22. Nb4 Qc8 23. Ra1 Qb7 24. Nxc6 Qxc6 0-1

[Event "Kreis-Mitte-EM"]
[Site "Zirndorf"]
[Date "2015.01.02"]
[Round "1.5"]
[White "Rausch, Wolfgang sr"]
[Black "Hahn, Thomas"]
[Result "0-1"]
[WhiteElo "1886"]
[BlackElo "1661"]
[PlyCount "116"]
[EventDate "2015.??.??"]
[WhiteTeam "SW Nürnberg Süd"]
[BlackTeam "Zabo-Eintracht N."]

1. c4 c5 2. Nf3 Nf6 3. d4 cxd4 4. Nxd4 Nc6 5. Nc3 g6 6. e4 d6 7. Be2 Bg7 8. Be3
Bd7 9. O-O O-O 10. Rc1 a6 11. Qd2 Re8 12. f3 Rc8 13. a3 Na5 14. Nd5 e5 15. Ne6
Bxe6 16. Bb6 Qd7 17. Qxa5 Bxd5 18. cxd5 Bh6 19. Rc4 Rxc4 20. Bxc4 Rc8 21. b3
Nh5 22. Qe1 Qe7 23. Rf2 Qg5 24. g3 Nf4 25. Kh1 Nd3 26. Qe2 Nxf2+ 27. Qxf2 Qc1+
28. Kg2 Qxa3 29. f4 exf4 30. gxf4 Qb4 31. e5 Rxc4 32. bxc4 Qxc4 33. Qh4 Qxd5+
34. Kg1 Qd1+ 35. Kg2 Qd2+ 36. Bf2 Qxf4 37. Qd8+ Kg7 38. exd6 Qg5+ 39. Qxg5 Bxg5
40. Bb6 f5 41. d7 Kf7 42. Kf3 Ke6 43. d8=Q Bxd8 44. Bxd8 b5 45. Ke3 Kd5 46. Kd3
b4 47. Ba5 b3 48. Bc3 f4 49. h4 h5 50. Bb2 a5 51. Bc3 a4 52. Bb2 f3 53. Ke3 f2
54. Kxf2 Ke4 55. Kg3 Kd3 56. Kf4 Kc2 57. Ba3 b2 58. Bxb2 Kxb2 0-1

[Event "Kreis-Mitte-EM"]
[Site "Zirndorf"]
[Date "2015.01.02"]
[Round "1.6"]
[White "Weißmann, Peter"]
[Black "Rummel, Gerald"]
[Result "0-1"]
[WhiteElo "1656"]
[BlackElo "1826"]
[PlyCount "48"]
[EventDate "2015.??.??"]
[WhiteTeam "SK Zirndorf"]
[BlackTeam "SC Anderssen Nbg."]

1. e4 e6 2. d4 d5 3. Nc3 Bb4 4. e5 c5 5. a3 Bxc3+ 6. bxc3 Ne7 7. Qg4 O-O 8. h4
Nbc6 9. Bg5 Qa5 10. Bd2 Qa4 11. Rh3 Nxe5 12. Qg3 N5c6 13. Bd3 c4 14. Be2 e5 15.
dxe5 Bxh3 16. Nxh3 Qxc2 17. f4 Nf5 18. Qf2 d4 19. g4 dxc3 20. gxf5 cxd2+ 21.
Kf1 Qxf5 22. Qg3 Qc2 23. h5 h6 24. Nf2 Qc1+ 0-1

[Event "Kreis-Mitte-EM"]
[Site "Zirndorf"]
[Date "2015.01.02"]
[Round "1.7"]
[White "Siegl, Adrian"]
[Black "Ratscheu, Stefan"]
[Result "1/2-1/2"]
[WhiteElo "1814"]
[BlackElo "1635"]
[PlyCount "42"]
[EventDate "2015.??.??"]
[WhiteTeam "SW Nürnberg Süd"]
[BlackTeam "SC Postbauer-Heng"]

1. e4 e5 2. f4 d5 3. Nf3 exf4 4. exd5 Nf6 5. Bc4 Nxd5 6. O-O Be7 7. Bxd5 Qxd5
8. Nc3 Qh5 9. d3 Be6 10. Bxf4 c6 11. Ne5 Qxd1 12. Raxd1 O-O 13. Ne4 Nd7 14.
Nxd7 Bxd7 15. Rde1 Be6 16. Bd6 Bxd6 17. Nxd6 b6 18. Nf5 Bxf5 19. Rxf5 Rfe8 20.
Rfe5 Rxe5 21. Rxe5 Kf8 1/2-1/2

[Event "Kreis-Mitte-EM"]
[Site "Zirndorf"]
[Date "2015.01.02"]
[Round "1.8"]
[White "Nagel, Felix"]
[Black "Knab, Reinhard"]
[Result "1/2-1/2"]
[WhiteElo "1626"]
[BlackElo "1790"]
[PlyCount "120"]
[EventDate "2015.??.??"]
[WhiteTeam "SC Anderssen Nbg."]
[BlackTeam "Zabo-Eintracht N."]

1. d4 e5 2. dxe5 Nc6 3. Nf3 Qe7 4. Nc3 Nxe5 5. e4 c6 6. Bf4 d6 7. Be2 Qc7 8.
Qd2 Ne7 9. O-O-O N7g6 10. Bg3 f6 11. Nd4 Bd7 12. f4 Nf7 13. Bc4 Bg4 14. Rde1
O-O-O 15. Be6+ Bxe6 16. Nxe6 Qa5 17. Nxd8 Nxd8 18. Re2 b5 19. Kb1 h5 20. h3 h4
21. Bh2 Rh5 22. f5 Ne5 23. Bxe5 fxe5 24. Nd1 Qxd2 25. Rxd2 Rg5 26. Ne3 Rg3 27.
Ng4 Nf7 28. Rf1 Kc7 29. Rc1 a5 30. a3 Be7 31. f6 Bxf6 32. Rf1 Ng5 33. Nxf6 gxf6
34. Re2 Nh7 35. Rf5 Rg5 36. Ref2 Kd7 37. Rxg5 Nxg5 38. Rxf6 Nxe4 39. Rh6 d5 40.
Rxh4 Nd2+ 41. Kc1 Nc4 42. g4 e4 43. g5 e3 44. Rg4 Ne5 45. Rg2 Ng6 46. Kd1 Ke6
47. Rg3 d4 48. Rg4 c5 49. b4 cxb4 50. axb4 a4 51. Rxd4 Ke5 52. Rd8 Ke4 53. Rb8
Kf3 54. Rxb5 Nf4 55. Re5 a3 56. Kc1 Ne2+ 57. Kb1 Nc3+ 58. Ka1 Ne4 59. Rf5+ Kg2
60. Re5 Kf3 1/2-1/2

[Event "Kreis-Mitte-EM"]
[Site "Zirndorf"]
[Date "2015.01.02"]
[Round "1.9"]
[White "Wirth, Karl-Heinz"]
[Black "Hüseinov, Sebaydin"]
[Result "1-0"]
[WhiteElo "1788"]
[BlackElo "1630"]
[PlyCount "77"]
[EventDate "2015.??.??"]
[WhiteTeam "SC Mühlhof-R'dorf"]
[BlackTeam "Zabo-Eintracht N."]

1. e4 e5 2. f4 exf4 3. Nf3 Nf6 4. Nc3 d6 5. Bc4 c6 6. O-O Be7 7. d4 O-O 8. Bxf4
d5 9. exd5 cxd5 10. Bd3 Bg4 11. h3 Bh5 12. Qd2 Bb4 13. Rae1 Nc6 14. Be5 Bxf3
15. Rxf3 Nxe5 16. Rxe5 Re8 17. Qf2 Re6 18. Rfe3 Bxc3 19. bxc3 Qb6 20. Rxe6 fxe6
21. Rg3 Rf8 22. Qe1 Re8 23. Re3 a6 24. Kh1 Qd6 25. c4 Qd7 26. c3 b5 27. cxb5
axb5 28. Qe2 Qd6 29. Bxb5 Re7 30. a4 Ne4 31. Qe1 Rf7 32. Bd3 Qf8 33. Kg1 Nf2
34. Bc2 Ne4 35. Bxe4 dxe4 36. Rxe4 Rb7 37. Rxe6 Qf5 38. Qe2 Qf4 39. Re8+ 1-0

[Event "Kreis-Mitte-EM"]
[Site "Zirndorf"]
[Date "2015.01.02"]
[Round "1.10"]
[White "Denninger, David"]
[Black "Thürauf, Peter"]
[Result "0-1"]
[WhiteElo "1534"]
[BlackElo "1761"]
[PlyCount "100"]
[EventDate "2015.??.??"]
[WhiteTeam "TSV Cadolzburg"]
[BlackTeam "SW Nürnberg Süd"]

1. e4 c5 2. c3 Nf6 3. e5 Nd5 4. Nf3 Nc6 5. Bc4 Nb6 6. Bb3 d6 7. exd6 Qxd6 8.
O-O e5 9. Na3 a6 10. Ng5 Nd8 11. d4 h6 12. Ne4 Qc7 13. dxc5 Bxc5 14. Qf3 Bxa3
15. bxa3 Be6 16. Re1 Bxb3 17. axb3 Nc6 18. Be3 Nd5 19. Bc5 O-O-O 20. Rad1 Nf4
21. Qg4+ Ne6 22. Qf5 g6 23. Qh3 f5 24. Bb4 Nxb4 25. cxb4 Rxd1 26. Rxd1 Qc2 27.
Qc3+ Qxc3 28. Nxc3 Nd4 29. Nd5 Kd7 30. f4 Ke6 31. Nc7+ Kd6 32. fxe5+ Kxe5 33.
Re1+ Kf6 34. Nd5+ Kg5 35. Re3 f4 36. Re5+ Nf5 37. Kf2 Rc8 38. Kf3 Rc1 39. g3
fxg3 40. hxg3 Rb1 41. a4 Rxb3+ 42. Kf2 h5 43. Nf4 h4 44. g4 Kxf4 45. Re6 Rb2+
46. Kf1 Ng3+ 47. Kg1 g5 48. b5 h3 49. Rh6 Rb1+ 50. Kh2 Rh1# 0-1

[Event "Kreis-Mitte-EM"]
[Site "Zirndorf"]
[Date "2015.01.02"]
[Round "1.11"]
[White "Schanz, Karlheinz"]
[Black "Pörzgen, Michael"]
[Result "1-0"]
[WhiteElo "1755"]
[BlackElo "1606"]
[PlyCount "107"]
[EventDate "2015.??.??"]
[WhiteTeam "SC Mühlhof-R'dorf"]
[BlackTeam "SW Nürnberg Süd"]

1. e4 d5 2. Nc3 dxe4 3. Nxe4 Bf5 4. Ng3 Bg6 5. Bc4 e6 6. Nf3 Nd7 7. O-O Bd6 8.
d3 h6 9. Ne4 Be7 10. Bf4 Ngf6 11. Qe2 O-O 12. Nxf6+ Bxf6 13. Ne5 Nxe5 14. Bxe5
Bxe5 15. Qxe5 Qd6 16. Qc3 c5 17. Rad1 Rfd8 18. Rfe1 Rac8 19. Qb3 Qc7 20. Re3 a6
21. a4 b5 22. axb5 axb5 23. Qxb5 Rb8 24. Qa4 Rxb2 25. Bb3 c4 26. Qa3 c3 27.
Rde1 Qb7 28. Qa4 Bxd3 29. Rxe6 Bb5 30. Qa5 Rc8 31. Rb6 Qe4 32. Qa1 Qf5 33. Rd6
Bc4 34. Bxc4 Rxc4 35. Rd8+ Kh7 36. Qa8 Rxc2 37. Rh8+ Kg6 38. Qa6+ f6 39. Rf1
Qc5 40. Qa8 Re2 41. Qg8 c2 42. Qh7+ Kh5 43. Qxg7 c1=Q 44. Qf7+ Kh4 45. Qxf6+
Kh5 46. Qf3+ Rg4 47. Qxe2 Q1c4 48. Qe8+ Rg6 49. Re1 Q4d4 50. Rf8 Qg4 51. g3
Qgg5 52. Rf3 Qb5 53. Qc8 Qbd5 54. Qh3+ 1-0

[Event "Kreis-Mitte-EM"]
[Site "Zirndorf"]
[Date "2015.01.02"]
[Round "1.12"]
[White "Mantel, Hans"]
[Black "Drees, Martin"]
[Result "0-1"]
[WhiteElo "1503"]
[BlackElo "1752"]
[PlyCount "50"]
[EventDate "2015.??.??"]
[WhiteTeam "Zabo-Eintracht N."]
[BlackTeam "TSV Cadolzburg"]

1. e4 e5 2. Bc4 Nf6 3. Nc3 Nc6 4. d3 Bc5 5. Na4 Bb6 6. Nxb6 axb6 7. a3 h6 8. f4
d6 9. h3 Be6 10. Bxe6 fxe6 11. fxe5 Nxe5 12. Nf3 Nc6 13. Bd2 e5 14. g4 d5 15.
g5 hxg5 16. Bxg5 dxe4 17. Bxf6 Qxf6 18. dxe4 Rd8 19. Qe2 Nd4 20. Nxd4 Rxd4 21.
Qg4 O-O 22. Qg2 Qh4+ 23. Ke2 Rxe4+ 24. Kd3 Rd8+ 25. Kc3 Re3# 0-1

[Event "Kreis-Mitte-EM"]
[Site "Zirndorf"]
[Date "2015.01.02"]
[Round "1.13"]
[White "Mantel, Ruben"]
[Black "Dreiseitel, Werner"]
[Result "1-0"]
[WhiteElo "1749"]
[BlackElo "1455"]
[PlyCount "77"]
[EventDate "2015.??.??"]
[WhiteTeam "Zabo-Eintracht N."]
[BlackTeam "SC N-T Nürnberg"]

1. e4 e5 2. Bc4 Bc5 3. Nc3 Nf6 4. f4 d6 5. Nf3 Nc6 6. d3 Bg4 7. Na4 Bb6 8. Nxb6
axb6 9. c3 O-O 10. O-O Na5 11. Bb3 Nxb3 12. Qxb3 exf4 13. Bxf4 Be6 14. Qc2 Ra5
15. d4 c6 16. Ng5 h6 17. Nxe6 fxe6 18. e5 Nd5 19. Bxh6 dxe5 20. Qg6 Qe7 21.
Rxf8+ Kxf8 22. Rf1+ Nf6 23. Bxg7+ Qxg7 24. Rxf6+ Kg8 25. Qe8+ Kh7 26. Rf7 exd4
27. cxd4 Rxa2 28. Rxg7+ Kxg7 29. Qxe6 Rxb2 30. d5 Rb1+ 31. Kf2 cxd5 32. Qxd5 b5
33. Qxb7+ Kf6 34. Qc6+ Ke5 35. Qc2 Rh1 36. Qb2+ Ke4 37. Qxb5 Rxh2 38. Qc6+ Kd3
39. Qd6+ 1-0

[Event "Kreis-Mitte-EM"]
[Site "Zirndorf"]
[Date "2015.01.02"]
[Round "1.14"]
[White "Dreiseitel, Ursula"]
[Black "Schöne, Steffen"]
[Result "0-1"]
[WhiteElo "1356"]
[BlackElo "1748"]
[PlyCount "120"]
[EventDate "2015.??.??"]
[WhiteTeam "SC N-T Nürnberg"]
[BlackTeam "Zabo-Eintracht N."]

1. d4 Nf6 2. Nf3 g6 3. Bf4 Bg7 4. e3 O-O 5. Be2 d6 6. O-O Nh5 7. Bg3 Nxg3 8.
hxg3 Bg4 9. Nbd2 Nd7 10. c3 c6 11. Re1 e5 12. Qb3 Qb6 13. Qxb6 axb6 14. Ne4 d5
15. Ned2 e4 16. Nh2 Be6 17. a3 f5 18. c4 Nf6 19. cxd5 Nxd5 20. Nc4 b5 21. Ne5
Rfe8 22. Rac1 Bxe5 23. dxe5 Bf7 24. Nf1 Rxe5 25. Nd2 Nb6 26. Red1 Rd5 27. Kf1
Rad8 28. Ke1 Na4 29. Rc2 Nc5 30. Rc3 Nd3+ 31. Bxd3 Rxd3 32. Rcc1 Kg7 33. Nb1
Bb3 34. Rxd3 Rxd3 35. Nd2 Ba4 36. Rb1 Bc2 37. Rc1 Bb3 38. Nxb3 Rxb3 39. Rc2 Kf6
40. Kd1 Ke6 41. Rd2 c5 42. Kc2 c4 43. Rd8 Rd3 44. Rb8 Rd7 45. Ra8 b6 46. Re8+
Kd6 47. Rc8 Rc7 48. Rd8+ Kc6 49. Rd4 Rd7 50. Kc3 Rxd4 51. Kxd4 Kd6 52. f3 exf3
53. gxf3 g5 54. Kc3 Kc5 55. Kd2 h5 56. Kc3 h4 57. gxh4 gxh4 58. e4 fxe4 59.
fxe4 h3 60. e5 h2 0-1

[Event "Kreis-Mitte-EM"]
[Site "Zirndorf"]
[Date "2015.01.02"]
[Round "1.15"]
[White "Babichev, Vyacheslav"]
[Black "Albayrak, Aylin"]
[Result "0-1"]
[WhiteElo "1699"]
[BlackElo "1499"]
[PlyCount "60"]
[EventDate "2015.??.??"]
[WhiteTeam "SW Nürnberg Süd"]
[BlackTeam "Zabo-Eintracht N."]

1. b3 e5 2. Bb2 Nc6 3. e3 d5 4. Bb5 Bd6 5. f4 f6 6. Nh3 Bd7 7. O-O Nge7 8. fxe5
Nxe5 9. Bxd7+ Qxd7 10. Nf2 h5 11. e4 O-O-O 12. Nc3 d4 13. Ne2 c5 14. d3 Ng4 15.
Nxg4 hxg4 16. g3 Ng6 17. Kg2 Ne5 18. Ng1 Rh5 19. Rf2 Rdh8 20. Kh1 g6 21. Qd2
Qh7 22. Raf1 Nf3 23. Nxf3 gxf3 24. Rg1 Rh3 25. c3 Bxg3 26. Rxg3 Rxg3 27. cxd4
Qh5 28. dxc5 Qg4 29. Qe1 Rg2 30. Bxf6 Rhxh2# 0-1

[Event "Kreis-Mitte-EM"]
[Site "Zirndorf"]
[Date "2015.01.02"]
[Round "1.16"]
[White "Nagel, Ekkehard"]
[Black "Diebel, Günter"]
[Result "0-1"]
[WhiteElo "1100"]
[BlackElo "1690"]
[PlyCount "44"]
[EventDate "2015.??.??"]
[WhiteTeam "SC Anderssen Nbg."]
[BlackTeam "SW Nürnberg Süd"]

1. d4 c6 2. Nf3 d5 3. Bf4 Nf6 4. e3 Bg4 5. Nbd2 e6 6. c3 Bd6 7. Bxd6 Qxd6 8.
Be2 Nbd7 9. O-O O-O-O 10. c4 h5 11. Ng5 Rdf8 12. Bxg4 hxg4 13. g3 Rh5 14. f4
gxf3 15. Ngxf3 Rfh8 16. Rf2 Ng4 17. Nf1 Nxf2 18. Kxf2 Nf6 19. Ne5 Ne4+ 20. Kg2
Rf5 21. cxd5 Qxd5 22. Kg1 Nf2 0-1

[Event "Kreis-Mitte-EM"]
[Site "Zirndorf"]
[Date "2015.01.03"]
[Round "2.1"]
[White "Drees, Martin"]
[Black "Süß, Stefan"]
[Result "1/2-1/2"]
[WhiteElo "1752"]
[BlackElo "2004"]
[PlyCount "47"]
[EventDate "2015.??.??"]
[WhiteTeam "TSV Cadolzburg"]
[BlackTeam "SC N-T Nürnberg"]

1. e4 e6 2. d4 d5 3. Nc3 dxe4 4. Nxe4 Bd7 5. Nf3 Bc6 6. Bd3 Nd7 7. O-O Ngf6 8.
Re1 Nxe4 9. Bxe4 Bxe4 10. Rxe4 Nf6 11. Re2 Be7 12. c3 O-O 13. Bg5 Qd6 14. Qb3
Qb6 15. Qxb6 axb6 16. a3 Rfd8 17. Rae1 b5 18. h3 Kf8 19. Re5 c6 20. R5e2 b6 21.
Rc1 c5 22. Rce1 Rd5 23. Re5 Rd7 24. R5e2 1/2-1/2

[Event "Kreis-Mitte-EM"]
[Site "Zirndorf"]
[Date "2015.01.03"]
[Round "2.2"]
[White "Luther, Helmut"]
[Black "Schanz, Karlheinz"]
[Result "1/2-1/2"]
[WhiteElo "1949"]
[BlackElo "1755"]
[PlyCount "103"]
[EventDate "2015.??.??"]
[WhiteTeam "SW Nürnberg Süd"]
[BlackTeam "SC Mühlhof-R'dorf"]

1. d4 d5 2. Nf3 Nf6 3. g3 g6 4. Bg2 Bg7 5. O-O O-O 6. c4 c6 7. Nc3 Nbd7 8. b3
Nb6 9. c5 Nbd7 10. Bb2 Re8 11. b4 e5 12. dxe5 Nxe5 13. Nxe5 Rxe5 14. e3 Re8 15.
Ne2 Ng4 16. Bxg7 Kxg7 17. Nd4 Qf6 18. a4 Nh6 19. b5 Nf5 20. Ne2 Ne7 21. Qb3 Bf5
22. Nf4 a6 23. Rac1 axb5 24. axb5 Ra5 25. bxc6 bxc6 26. h4 Rea8 27. Qc3 Qxc3
28. Rxc3 Rb5 29. f3 Rb4 30. Rfc1 h5 31. Bf1 Ra2 32. Bg2 Kf8 33. Bf1 Rbb2 34.
Re1 Rc2 35. Rxc2 Rxc2 36. e4 dxe4 37. fxe4 Be6 38. Nd3 Rc3 39. Rc1 Rxc1 40.
Nxc1 Ke8 41. Kf2 Ng8 42. Ke3 f6 43. Bd3 Ne7 44. Ne2 g5 45. hxg5 fxg5 46. Nd4
Kf7 47. Nf3 Kg6 48. Kd4 g4 49. Nh4+ Kf6 50. Bf1 Bf7 51. Bd3 Be6 52. Bf1 1/2-1/2

[Event "Kreis-Mitte-EM"]
[Site "Zirndorf"]
[Date "2015.01.03"]
[Round "2.3"]
[White "Schöne, Steffen"]
[Black "Strobel, Norbert"]
[Result "0-1"]
[WhiteElo "1748"]
[BlackElo "1948"]
[PlyCount "52"]
[EventDate "2015.??.??"]
[WhiteTeam "Zabo-Eintracht N."]
[BlackTeam "SK Zirndorf"]

1. Nf3 Nf6 2. c4 g6 3. Nc3 Bg7 4. e4 d6 5. d4 O-O 6. Be2 Nbd7 7. h3 e5 8. dxe5
dxe5 9. Bg5 c6 10. b4 Qc7 11. O-O Re8 12. Nd2 Nf8 13. c5 Ne6 14. Be3 b6 15. Nc4
Rd8 16. Qc1 Nd4 17. cxb6 axb6 18. f4 Nxe2+ 19. Nxe2 Nd7 20. fxe5 Ba6 21. Rf2
Bxc4 22. Qxc4 Nxe5 23. Qb3 Rd3 24. Nc3 Rxe3 25. Qc2 Nc4 26. Rf3 Rxf3 0-1

[Event "Kreis-Mitte-EM"]
[Site "Zirndorf"]
[Date "2015.01.03"]
[Round "2.4"]
[White "Leis, Stefan"]
[Black "Mantel, Ruben"]
[Result "1/2-1/2"]
[WhiteElo "1904"]
[BlackElo "1749"]
[PlyCount "63"]
[EventDate "2015.??.??"]
[WhiteTeam "SC Mühlhof-R'dorf"]
[BlackTeam "Zabo-Eintracht N."]

1. Nf3 Nf6 2. g3 e6 3. d4 d5 4. c4 dxc4 5. Bg2 Nbd7 6. Nc3 Rb8 7. a4 Bb4 8. O-O
O-O 9. Nd2 Nb6 10. a5 Nbd5 11. Qc2 b5 12. axb6 Nxb6 13. Rxa7 Qxd4 14. Nf3 Qd8
15. Ne5 Bd7 16. Rd1 Bd6 17. Nc6 Bxc6 18. Bxc6 Qe7 19. Nb5 Nfd5 20. Nd4 Qf6 21.
Qe4 Rfd8 22. h4 h6 23. Ra5 c3 24. Rb5 Be5 25. Nf3 cxb2 26. Qxe5 Qxe5 27. Nxe5
Na4 28. Bxb2 Nxb2 29. Rc1 Rxb5 30. Bxb5 Rb8 31. Bc6 f6 32. Nf3 1/2-1/2

[Event "Kreis-Mitte-EM"]
[Site "Zirndorf"]
[Date "2015.01.03"]
[Round "2.5"]
[White "Rummel, Gerald"]
[Black "Diebel, Günter"]
[Result "0-1"]
[WhiteElo "1826"]
[BlackElo "1690"]
[PlyCount "76"]
[EventDate "2015.??.??"]
[WhiteTeam "SC Anderssen Nbg."]
[BlackTeam "SW Nürnberg Süd"]

1. d4 d5 2. Bf4 Nc6 3. e3 Nf6 4. Nf3 Bf5 5. Bb5 Bd7 6. c3 a6 7. Bd3 Ne4 8. Qc2
f5 9. Nbd2 e6 10. Ne5 g5 11. Nxc6 Bxc6 12. Be5 Rg8 13. f3 Nxd2 14. Qxd2 Bd6 15.
Bg3 h5 16. Qe2 h4 17. Bxd6 Qxd6 18. e4 fxe4 19. fxe4 O-O-O 20. O-O-O dxe4 21.
Bxe4 Qf4+ 22. Rd2 Qxe4 23. Qd1 Rdf8 24. Re1 Qd5 25. b3 Qa5 26. c4 Qa3+ 27. Kb1
Be8 28. Rxe6 Bd7 29. Re5 Qb4 30. Kb2 g4 31. a3 Qb6 32. b4 g3 33. hxg3 hxg3 34.
Qc2 Qg6 35. Qc3 Rf2 36. d5 Rxd2+ 37. Qxd2 Rf8 38. Re2 Bg4 0-1

[Event "Kreis-Mitte-EM"]
[Site "Zirndorf"]
[Date "2015.01.03"]
[Round "2.6"]
[White "Hahn, Thomas"]
[Black "Wirth, Karl-Heinz"]
[Result "0-1"]
[WhiteElo "1661"]
[BlackElo "1788"]
[PlyCount "34"]
[EventDate "2015.??.??"]
[WhiteTeam "Zabo-Eintracht N."]
[BlackTeam "SC Mühlhof-R'dorf"]

1. e4 e5 2. f4 d5 3. exd5 c6 4. fxe5 Qh4+ 5. g3 Qe4+ 6. Qe2 Qxh1 7. Nc3 Qxg1 8.
e6 Nf6 9. exf7+ Kxf7 10. Qc4 cxd5 11. Qxc8 Bc5 12. Qxb7+ Nbd7 13. Qb5 Rhe8+ 14.
Kd1 Bf2 15. d4 Re1+ 16. Kd2 Rxf1 17. Nxd5 Rd1+ 0-1

[Event "Kreis-Mitte-EM"]
[Site "Zirndorf"]
[Date "2015.01.03"]
[Round "2.7"]
[White "Thürauf, Peter"]
[Black "Albayrak, Aylin"]
[Result "1-0"]
[WhiteElo "1761"]
[BlackElo "1499"]
[PlyCount "65"]
[EventDate "2015.??.??"]
[WhiteTeam "SW Nürnberg Süd"]
[BlackTeam "Zabo-Eintracht N."]

1. d4 d5 2. Nf3 c6 3. c4 Nf6 4. cxd5 cxd5 5. Nc3 g6 6. Bf4 Bg7 7. e3 O-O 8. Bd3
Nc6 9. Rc1 Re8 10. O-O Nh5 11. Bg5 h6 12. Bh4 Bg4 13. h3 Bc8 14. g4 Nf6 15. Bg3
Nh7 16. Nb5 e5 17. dxe5 Bxe5 18. Nxe5 Nxe5 19. Nc7 Nxd3 20. Qxd3 Be6 21. Nxa8
Qxa8 22. Bf4 Ng5 23. Bxg5 hxg5 24. Qd4 Qd8 25. Rc3 Qa5 26. Rfc1 Qb5 27. R1c2
Qa5 28. a3 a6 29. Qd2 Qa4 30. Qd4 Qa5 31. b4 Qd8 32. Rc7 Re7 33. Qf6 1-0

[Event "Kreis-Mitte-EM"]
[Site "Zirndorf"]
[Date "2015.01.03"]
[Round "2.8"]
[White "Knab, Reinhard"]
[Black "Siegl, Adrian"]
[Result "1/2-1/2"]
[WhiteElo "1790"]
[BlackElo "1814"]
[PlyCount "38"]
[EventDate "2015.??.??"]
[WhiteTeam "Zabo-Eintracht N."]
[BlackTeam "SW Nürnberg Süd"]

1. Nh3 d5 2. g3 e5 3. d3 Bc5 4. c3 Bf5 5. f4 Qd7 6. Nf2 Bxf2+ 7. Kxf2 Nc6 8.
Bg2 O-O-O 9. b4 Nf6 10. h3 exf4 11. gxf4 h6 12. Qa4 g5 13. b5 Nb8 14. Nd2 gxf4
15. Qxf4 Rhg8 16. Qf3 Nh7 17. Nb3 Ng5 18. Bxg5 Rxg5 19. Nd4 Be6 1/2-1/2

[Event "Kreis-Mitte-EM"]
[Site "Zirndorf"]
[Date "2015.01.03"]
[Round "2.9"]
[White "Ratscheu, Stefan"]
[Black "Nagel, Felix"]
[Result "1-0"]
[WhiteElo "1635"]
[BlackElo "1626"]
[PlyCount "83"]
[EventDate "2015.??.??"]
[WhiteTeam "SC Postbauer-Heng"]
[BlackTeam "SC Anderssen Nbg."]

1. e4 c6 2. Nf3 d5 3. exd5 cxd5 4. Ne5 Nf6 5. d4 Nc6 6. Bb5 Bd7 7. Nxd7 Qxd7 8.
c3 e6 9. Be3 Bd6 10. O-O a6 11. Bd3 O-O 12. f4 Ne4 13. Nd2 f5 14. Nf3 b5 15.
Ne5 Bxe5 16. dxe5 Na5 17. Bxe4 fxe4 18. b3 Rfc8 19. Rc1 Rc6 20. Rf2 Rac8 21.
Rfc2 Qc7 22. b4 Nc4 23. Bd4 Na3 24. Rb2 a5 25. Rb3 axb4 26. Rxb4 Qa5 27. Qb3
Rb8 28. f5 Kf7 29. fxe6+ Kxe6 30. Qd1 Kf7 31. Qh5+ Kg8 32. Rf1 Qc7 33. e6 Rxe6
34. Qxd5 Qc6 35. Qf5 Qe8 36. Qd5 Nc2 37. Rb2 Nxd4 38. cxd4 Kh8 39. Rbf2 Qe7 40.
Rf7 Rd6 41. Qc5 Qd8 42. Rf8+ 1-0

[Event "Kreis-Mitte-EM"]
[Site "Zirndorf"]
[Date "2015.01.03"]
[Round "2.10"]
[White "Hüseinov, Sebaydin"]
[Black "Rausch, Wolfgang sr"]
[Result "0-1"]
[WhiteElo "1630"]
[BlackElo "1886"]
[PlyCount "96"]
[EventDate "2015.??.??"]
[WhiteTeam "Zabo-Eintracht N."]
[BlackTeam "SW Nürnberg Süd"]

1. e4 Nf6 2. Nc3 d6 3. Nf3 e5 4. d4 Nbd7 5. dxe5 dxe5 6. Bd3 Be7 7. O-O O-O 8.
Be3 c6 9. Ne2 Qc7 10. c3 Nc5 11. Bxc5 Bxc5 12. Bc2 a5 13. Ng3 Be6 14. Qe2 h6
15. a3 a4 16. Rad1 b5 17. Bd3 Rad8 18. c4 b4 19. axb4 Bxb4 20. Bc2 Qa5 21. Ra1
Qc5 22. Bd3 Ra8 23. Rfc1 a3 24. bxa3 Bxa3 25. Rc2 Ra5 26. h3 Rfa8 27. Raa2 Nd7
28. Nf1 Qd6 29. Rd2 Nc5 30. Bc2 Qb8 31. Qd1 Bxc4 32. Ra1 Be6 33. Nxe5 Qxe5 34.
Rd8+ Kh7 35. Rxa8 Rxa8 36. Ne3 g6 37. g3 Bxh3 38. f4 Qc3 39. Kf2 Ne6 40. f5 Rd8
41. fxe6 Rxd1 42. Rxd1 Bxe6 43. Rd3 Qf6+ 44. Kg2 Bc5 45. Bd1 Bxe3 46. Rxe3 Qd4
47. Re1 Qd2+ 48. Kf1 Bh3+ 0-1